书目信息 |
| 题名: |
汽车化与城市生活
|
|
| 作者: | 北村隆一 编著 ;吴戈, , 石京, 译 | |
| 分册: | ||
| 出版信息: | 北京 人民交通出版社 2006.03 |
|
| 页数: | 212页 | |
| 开本: | 21cm | |
| 丛书名: | ||
| 单 册: | ||
| 中图分类: | TU984.191 | |
| 科图分类: | ||
| 主题词: | 市区交通--交通规划--关系--城市建设--发展战略--世界--21世纪 | |
| 电子资源: | ||
| ISBN: | 7-114-05877-2 | |
| 000 | 01033nam0 2200253 450 | |
| 001 | 003140377 | |
| 005 | 20100814113524.37 | |
| 010 | @a7-114-05877-2@dCNY28.00 | |
| 100 | @a20100515d2006 em y0chiy50 ea | |
| 101 | 1 | @achi@cjpn |
| 102 | @aCN@b110000 | |
| 105 | @aa z 000yy | |
| 200 | 1 | @a汽车化与城市生活@Aqi che hua yu cheng shi sheng huo@e21世纪的城市与交通发展战略@f北村隆一编著@g吴戈, 石京译@Gwu ge,shi jing yi |
| 210 | @a北京@c人民交通出版社@d2006.03 | |
| 215 | @a212页@c图@d21cm | |
| 330 | @a本书从城市构造、流通、商业、观光、地球环境、老龄社会、信息化等多个侧面来探讨交通问题,作者试图描绘与21世纪汽车化相适应的城市和城市交通的蓝图。 | |
| 517 | 1 | @a21世纪的城市与交通发展战略@A21 shi ji de cheng shi yu jiao tong fa zhan zhan lue |
| 606 | 0 | @a市区交通@x交通规划@x关系@x城市建设@x发展战略@y世界@z21世纪 |
| 690 | @aTU984.191@v4 | |
| 701 | 0 | @a北村隆一@Abei cun long yi@4编著 |
| 702 | 0 | @a吴戈,@Awu ge@f(1962-)@4译 |
| 702 | 0 | @a石京,@Ashi jing@f(1962-)@4译 |
| 801 | 0 | @aCN@c20100515 |
| 905 | @dTU984.191@eB320@f3 | |
| 汽车化与城市生活:21世纪的城市与交通发展战略/北村隆一编著/吴戈, 石京译.-北京:人民交通出版社,2006.03 |
| 212页:图;21cm |
| ISBN 7-114-05877-2:CNY28.00 |
| 本书从城市构造、流通、商业、观光、地球环境、老龄社会、信息化等多个侧面来探讨交通问题,作者试图描绘与21世纪汽车化相适应的城市和城市交通的蓝图。 |
| ● |
| 相关链接 |
|
|
|
正题名:汽车化与城市生活
索取号:TU984.191/B320
 
预约/预借
| 序号 | 登录号 | 条形码 | 馆藏地/架位号 | 状态 | 备注 |
| 1 | 1029354 | 210293546 | 建筑库201/201建筑库 94排1列2层/ [索取号:TU984.191/B320] | 在馆 | |
| 2 | 1029355 | 210293555 | 建筑与城市规划学院资料室/201建筑库 96排1列1层/ [索取号:TU984.191/B320] | 在馆 | |
| 3 | 1029356 | 210293564 | 建筑与城市规划学院资料室/101建筑库 87排4列5层/ [索取号:TU984.191/B320] | 在馆 |